| 000 | 00600cab a2200217 4500 | ||
|---|---|---|---|
| 001 | WB3215-99 | ||
| 008 | 090401t1996 xxu||||| |||| 00| 0 eng d | ||
| 035 | _a(Sirsi) u70161 | ||
| 041 | _aeng | ||
| 245 | _aBeef crisis | ||
| 260 | _c1996 | ||
| 350 | _a0 | ||
| 490 |
_aMAFF News Release _v(125/96) 3 April 1996, (2) |
||
| 520 | _aThe Agriculture Minister has negotiated a package of European measures to assist the UK beef industry. Details. | ||
| 650 | _aBEEF INDUSTRY | ||
| 650 | _aBSE | ||
| 650 | _aEUROPEAN COMMISSION | ||
| 690 | _aRURAL PRACTICE | ||
| 942 | _n0 | ||
| 948 | _c04/03/1997 | ||
| 999 |
_c44139 _d44139 |
||